00452nam a22001692 4500001001100000005001700011008004100028020001700069040001500086100003900101245004400140250001200184260003400196300001800230650003100248852000300279000002021120151217155227.0110901s xx 000 0 eng d a0697284131 : aKABUcKABU1 aVan De Graaff, Kent M.@000018027410aHuman anatomy /cKent M. Van De Graaff. a5th ed. aBoston :bMcGraw Hill,c1998. axxvi, 821 p. 0aHuman anatomy.@00001555981